[Event "España tch - Primera A"]
[Site "Burguillos ESP"]
[Date "2010.08.09"]
[Round "1.12"]
[White "Berbatov, Kiprian"]
[Black "Macieja, Bartlomiej"]
[Result "1/2-1/2"]
[WhiteElo "2455"]
[BlackElo "2639"]
[PlyCount "118"]
[EventDate "2010.08.09"]
[EventType "team"]
[EventRounds "5"]
[EventCountry "ESP"]
[Source "lmi"]
[SourceDate "2010.08.09"]
[WhiteTeam "MAIN MEMORY SILLA-A"]
[BlackTeam "ALZICAPITAL"]

1. e4 c5 2. Nf3 e6 3. d4 cxd4 4. Nxd4 Nf6 5. Nc3 d6 6. Bc4 Be7 7. Bb3 Na6 8. f4
O-O 9. Qf3 Nc5 10. Be3 a6 11. O-O d5 12. exd5 Nxb3 13. Nxb3 exd5 14. f5 b5 15.
Rad1 Bb7 16. Nc5 Bc6 17. b4 a5 18. a3 axb4 19. axb4 Ra3 20. Rd3 Ne4 21. Nxd5
Bxc5 22. Rxa3 Nd2 23. Qf2 Bxe3 24. Rxe3 Nxf1 25. Ne7+ Kh8 26. Nxc6 Qf6 27. Qxf1
Qxc6 28. Qd3 Qb6 29. Kf1 h6 30. Re5 Rb8 31. Qd7 Qa6 32. Qxf7 Qa1+ 33. Re1 Qd4
34. g3 Qxb4 35. f6 Rg8 36. fxg7+ Kh7 37. Qf5+ Kxg7 38. Re4 Rf8 39. Rxb4 Rxf5+
40. Ke2 h5 41. Rf4 Rc5 42. Kd3 Kg6 43. c3 Re5 44. Kd4 Re2 45. Kc5 Rxh2 46. Kxb5
Rh3 47. c4 Rxg3 48. c5 Kg5 49. Rc4 Rb3+ 50. Ka4 Rb8 51. c6 h4 52. c7 Rc8 53.
Kb5 h3 54. Kb6 h2 55. Rc1 Kg4 56. Kb7 Rxc7+ 57. Kxc7 Kg3 58. Rh1 Kg2 59. Rxh2+
Kxh2 1/2-1/2

[Event "España tch - Primera A"]
[Site "Burguillos ESP"]
[Date "2010.08.10"]
[Round "2.12"]
[White "Garza Marco, Sergio"]
[Black "Berbatov, Kiprian"]
[Result "0-1"]
[WhiteElo "2453"]
[BlackElo "2455"]
[PlyCount "80"]
[EventDate "2010.08.09"]
[EventType "team"]
[EventRounds "5"]
[EventCountry "ESP"]
[Source "lmi"]
[SourceDate "2010.08.09"]
[WhiteTeam "JAIME CASAS DE MONZON"]
[BlackTeam "MAIN MEMORY SILLA-A"]

1. d4 Nf6 2. c4 c5 3. d5 e6 4. Nc3 exd5 5. cxd5 d6 6. Nf3 g6 7. h3 Bg7 8. e4
O-O 9. Bd3 a6 10. a4 Nbd7 11. O-O b6 12. Bf4 Qe7 13. Re1 Bb7 14. Qd2 Rfe8 15.
Rad1 Nh5 16. Bh2 Qf8 17. Bc4 Bh6 18. Qc2 f6 19. Rb1 Bc8 20. b4 Ne5 21. Nxe5
fxe5 22. bxc5 bxc5 23. a5 Bf4 24. Na4 Bxh2+ 25. Kxh2 Ra7 26. Nb6 Rf7 27. Rb2
Bxh3 28. Re3 Bg4 29. Bxa6 Qh6 30. Kg1 Ref8 31. Nc4 Qg5 32. Qb1 Bf3 33. Qf1 Rf4
34. Rxf3 Rxf3 35. Bb5 Nf4 36. Bd7 Nd3 37. Be6+ Kh8 38. Rd2 Rxf2 39. Rxf2 Rxf2
40. Qxf2 Nxf2 0-1

[Event "España tch - Primera A"]
[Site "Burguillos ESP"]
[Date "2010.08.10"]
[Round "2.13"]
[White "Valmaña Canto, Jaime"]
[Black "Antoli Royo, Joaquin Miguel"]
[Result "0-1"]
[WhiteElo "2369"]
[BlackElo "2404"]
[PlyCount "76"]
[EventDate "2010.08.09"]
[EventType "team"]
[EventRounds "5"]
[EventCountry "ESP"]
[Source "lmi"]
[SourceDate "2010.08.09"]
[WhiteTeam "MAIN MEMORY SILLA-A"]
[BlackTeam "JAIME CASAS DE MONZON"]

1. e4 c5 2. Nf3 Nc6 3. d4 cxd4 4. Nxd4 Qc7 5. Nc3 e6 6. Be3 a6 7. Bd3 b5 8.
Nxc6 dxc6 9. O-O e5 10. a4 Rb8 11. axb5 axb5 12. f4 Nf6 13. f5 Be7 14. Qf3 h5
15. Kh1 Bb7 16. Nb1 Kf8 17. Nd2 Rd8 18. Rfe1 Kg8 19. Bg5 c5 20. Bxb5 Ng4 21.
Bxe7 Qxe7 22. Nf1 c4 23. Ba6 Qc5 24. Re2 Ra8 25. Ng3 Rxa6 26. Rd1 Rd6 27. Rf1
Nf6 28. h4 Rd4 29. Rfe1 Kf8 30. b4 Qb6 31. Qa3 Kg8 32. Qf3 Kh7 33. Nxh5 Nxh5
34. Qxh5+ Kg8 35. Qg4 Qh6 36. g3 Qh5 37. Qxh5 Rxh5 38. Kh2 Rh6 0-1

[Event "España tch - Primera A"]
[Site "Burguillos ESP"]
[Date "2010.08.10"]
[Round "2.14"]
[White "Ramiro Ovejero, Juan Luis"]
[Black "Pallardo Lozoya, Jose Vicente"]
[Result "1-0"]
[WhiteElo "2383"]
[BlackElo "2356"]
[PlyCount "67"]
[EventDate "2010.08.09"]
[EventType "team"]
[EventRounds "5"]
[EventCountry "ESP"]
[Source "lmi"]
[SourceDate "2010.08.09"]
[WhiteTeam "JAIME CASAS DE MONZON"]
[BlackTeam "MAIN MEMORY SILLA-A"]

1. e4 e6 2. d4 d5 3. Nd2 Nf6 4. e5 Nfd7 5. Bd3 c5 6. c3 Nc6 7. Ngf3 Qb6 8. O-O
cxd4 9. cxd4 Nxd4 10. Nxd4 Qxd4 11. Nf3 Qb6 12. Qa4 Qb4 13. Qc2 Qc5 14. Qe2 Qc7
15. Bg5 Nb8 16. Rac1 Nc6 17. Bb1 Be7 18. Rfe1 Qd8 19. h4 Bd7 20. Bxe7 Qxe7 21.
Rc3 O-O-O 22. Nd4 Kb8 23. Nb5 a6 24. Nd6 Nd4 25. Qe3 Nb5 26. Qb6 Bc8 27. Nxb5
axb5 28. Rec1 b4 29. Rc5 Qxc5 30. Rxc5 Rd7 31. Bd3 f6 32. Bb5 Rf7 33. Qd6+ Ka7
34. Be8 1-0

[Event "España tch - Primera A"]
[Site "Burguillos ESP"]
[Date "2010.08.10"]
[Round "2.23"]
[White "Arizmendi Martinez, Julen Luis"]
[Black "Hernando Pertierra, Jose Carlos"]
[Result "1/2-1/2"]
[WhiteElo "2532"]
[BlackElo "2376"]
[PlyCount "168"]
[EventDate "2010.08.09"]
[EventType "team"]
[EventRounds "5"]
[EventCountry "ESP"]
[Source "lmi"]
[SourceDate "2010.08.09"]
[WhiteTeam "ALZICAPITAL"]
[BlackTeam "EQUIGOMA-CASA SOCIAL CATOLICA"]

1. e4 g6 2. d4 Bg7 3. Nf3 c6 4. Nc3 d5 5. h3 Nh6 6. Bd3 f6 7. Ne2 dxe4 8. Bxe4
Bf5 9. Bxf5 Nxf5 10. c3 Qd7 11. Qb3 e6 12. Nf4 Kf7 13. O-O Re8 14. Re1 Nd6 15.
Nd3 Na6 16. Bf4 Re7 17. Rad1 Ne8 18. Bh2 b6 19. c4 Nac7 20. Qc2 Kg8 21. h4 Rd8
22. a4 Nd6 23. c5 Nb7 24. cxb6 axb6 25. Nb4 Na5 26. h5 Nd5 27. Nxd5 cxd5 28.
hxg6 hxg6 29. Qxg6 Qxa4 30. Nh4 Nc6 31. Qd3 Qc4 32. Qe3 Qb4 33. Ng6 Ree8 34.
Nf4 e5 35. dxe5 Nxe5 36. Nxd5 Rxd5 37. Rxd5 Nf3+ 38. gxf3 Qxe1+ 39. Qxe1 Rxe1+
40. Kg2 Bf8 41. Bd6 Re6 42. Bf4 Bc5 43. Kf1 Kf7 44. Rd3 Re8 45. Be3 Ra8 46. Ke2
Ra2 47. Rb3 Ke6 48. Kd3 Kd5 49. Kc2 Ra1 50. Rd3+ Kc4 51. Rc3+ Kd5 52. Rd3+ Kc4
53. Rc3+ Kd5 54. Kd3 Rd1+ 55. Ke2 Rb1 56. Rc2 f5 57. f4 Rh1 58. b3 Rb1 59. Rd2+
Kc6 60. Rd3 Rb2+ 61. Kf3 Rc2 62. Kg3 b5 63. Kh4 b4 64. Bd2 Be7+ 65. Kh5 Ra2 66.
Kg6 Ra5 67. Rd4 Bc5 68. Rc4 Kb5 69. Be3 Bxe3 70. fxe3 Ra3 71. Kxf5 Rxb3 72. Re4
Rc3 73. Re8 b3 74. Rb8+ Ka4 75. Ra8+ Kb4 76. Rb8+ Ka4 77. Ke4 Ka3 78. Ra8+ Kb4
79. Rb8+ Ka3 80. f5 b2 81. Rxb2 Kxb2 82. f6 Kc2 83. f7 Rc8 84. Kd5 Rf8 1/2-1/2

[Event "España tch - Primera A"]
[Site "Burguillos ESP"]
[Date "2010.08.11"]
[Round "3.13"]
[White "Hernando Pertierra, Jose Carlos"]
[Black "Valmaña Canto, Jaime"]
[Result "1-0"]
[WhiteElo "2376"]
[BlackElo "2369"]
[PlyCount "55"]
[EventDate "2010.08.09"]
[EventType "team"]
[EventRounds "5"]
[EventCountry "ESP"]
[Source "lmi"]
[SourceDate "2010.08.09"]
[WhiteTeam "EQUIGOMA-CASA SOCIAL CATOLICA"]
[BlackTeam "MAIN MEMORY SILLA-A"]

1. Nf3 Nf6 2. c4 c6 3. b3 d5 4. Bb2 Nbd7 5. Qc2 e6 6. g3 Bd6 7. Nc3 O-O 8. Bg2
a6 9. d4 dxc4 10. Rd1 cxb3 11. axb3 Qe7 12. O-O c5 13. dxc5 Bxc5 14. Ng5 h6 15.
Nge4 Bb4 16. Na2 Nxe4 17. Nxb4 Qxb4 18. Bxe4 Nc5 19. Rd4 Qxb3 20. Bh7+ Kh8 21.
Qxc5 Qxb2 22. Qxf8+ Kxh7 23. Rd8 Qc3 24. Qxf7 b5 25. h4 Bb7 26. Qg8+ Kg6 27.
Rxa8 Qc6 28. Qe8+ 1-0

[Event "España tch - Primera A"]
[Site "Burguillos ESP"]
[Date "2010.08.11"]
[Round "3.14"]
[White "Pallardo Lozoya, Jose Vicente"]
[Black "Gonzalez De La Nava, Amador"]
[Result "1-0"]
[WhiteElo "2356"]
[BlackElo "2302"]
[PlyCount "113"]
[EventDate "2010.08.09"]
[EventType "team"]
[EventRounds "5"]
[EventCountry "ESP"]
[Source "lmi"]
[SourceDate "2010.08.09"]
[WhiteTeam "MAIN MEMORY SILLA-A"]
[BlackTeam "EQUIGOMA-CASA SOCIAL CATOLICA"]

1. e4 e5 2. d4 exd4 3. Nf3 Nf6 4. e5 Ne4 5. c3 d5 6. cxd4 c5 7. Nc3 Nc6 8. Bd3
Bf5 9. Be3 cxd4 10. Nxd4 Nxc3 11. bxc3 Bxd3 12. Nxc6 bxc6 13. Qxd3 Be7 14. O-O
O-O 15. c4 Qa5 16. cxd5 cxd5 17. Rfd1 Rfd8 18. Qd4 a6 19. Rac1 Qxa2 20. Rc7 Qa3
21. Rb1 Rab8 22. Rxb8 Rxb8 23. h3 Rd8 24. Qa7 Qa1+ 25. Kh2 d4 26. Bf4 Bf8 27.
Rxf7 Qa2 28. Rd7 Rxd7 29. Qxd7 Qc4 30. e6 Qc5 31. Qf7+ Kh8 32. Bg5 h6 33. e7
Qc7+ 34. g3 Bxe7 35. Bxe7 d3 36. Qf8+ Kh7 37. Qf5+ Kh8 38. Bb4 Qc4 39. Bd2 Kg8
40. h4 Qc2 41. Qa5 Qc4 42. Bc3 Kf7 43. Qe5 g5 44. hxg5 hxg5 45. Qf6+ Ke8 46.
Bd2 g4 47. Qe5+ Kd7 48. Bf4 Qc2 49. Qf5+ Kc6 50. Be3 Qe2 51. Qe6+ Kc7 52. Qxa6
Kd7 53. Qc4 Ke8 54. Qd4 Kf7 55. Bg5 Kg6 56. Qf6+ Kh7 57. Qf7+ 1-0

[Event "España tch - Primera A"]
[Site "Burguillos ESP"]
[Date "2010.08.11"]
[Round "3.22"]
[White "Macieja, Bartlomiej"]
[Black "Paramos Dominguez, Roberto"]
[Result "1-0"]
[WhiteElo "2639"]
[BlackElo "2448"]
[PlyCount "75"]
[EventDate "2010.08.09"]
[EventType "team"]
[EventRounds "5"]
[EventCountry "ESP"]
[Source "lmi"]
[SourceDate "2010.08.09"]
[WhiteTeam "ALZICAPITAL"]
[BlackTeam "C. A. UNIVERSIDAD DE VIGO"]

1. c4 e5 2. g3 Nf6 3. Bg2 d5 4. cxd5 Nxd5 5. Nf3 Nc6 6. O-O Be7 7. Nc3 Nb6 8.
d3 Be6 9. Be3 Nd5 10. Bd2 O-O 11. Rc1 Qd7 12. Ne4 Rad8 13. a3 Bh3 14. Bxh3 Qxh3
15. Qb3 Qc8 16. Bg5 Bxg5 17. Nexg5 h6 18. Ne4 Rfe8 19. Rc5 Nb6 20. Rfc1 Re7 21.
Qc2 Qg4 22. Kg2 Nd5 23. e3 Nb6 24. b4 f5 25. h3 Qg6 26. Ned2 a6 27. d4 exd4 28.
Nh4 Qf6 29. Nxf5 Rf7 30. Ne4 Qe6 31. Nxd4 Nxd4 32. exd4 Rxd4 33. Re1 Re7 34.
Ng5 hxg5 35. Rxe6 Rxe6 36. Rxc7 Nd5 37. Rxb7 Rf6 38. Rd7 1-0

[Event "España tch - Primera A"]
[Site "Burguillos ESP"]
[Date "2010.08.12"]
[Round "4.13"]
[White "Valmaña Canto, Jaime"]
[Black "Bestard Borras, Miguel"]
[Result "1/2-1/2"]
[WhiteElo "2369"]
[BlackElo "2155"]
[PlyCount "77"]
[EventDate "2010.08.09"]
[EventType "team"]
[EventRounds "5"]
[EventCountry "ESP"]
[Source "lmi"]
[SourceDate "2010.08.09"]
[WhiteTeam "MAIN MEMORY SILLA-A"]
[BlackTeam "C. E. BINISSALEM"]

1. e4 e5 2. Bc4 Nf6 3. d3 Nc6 4. Nc3 Na5 5. Nge2 c6 6. a3 Nxc4 7. dxc4 d6 8.
Qd3 Be7 9. Bg5 h6 10. Bxf6 Bxf6 11. O-O-O Be6 12. g3 Qa5 13. f4 Qc5 14. Qxd6
Qxd6 15. Rxd6 Bxc4 16. Rhd1 O-O 17. Rd7 Ba6 18. Kd2 Rfd8 19. Ke3 Rxd7 20. Rxd7
Kf8 21. Nd1 Ke8 22. Rd2 Rd8 23. Rxd8+ Kxd8 24. Ng1 g5 25. f5 h5 26. h3 Be7 27.
b4 f6 28. Nb2 Kd7 29. g4 h4 30. c4 Bd8 31. Nf3 b6 32. Nd2 Bb7 33. Kd3 Be7 34.
Kc3 a6 35. Nd3 c5 36. bxc5 Bxc5 37. Nxc5+ bxc5 38. Nb3 Kc6 39. Na5+ 1/2-1/2

[Event "España tch - Primera A"]
[Site "Burguillos ESP"]
[Date "2010.08.12"]
[Round "4.14"]
[White "Nadal Bestard, Sebastia"]
[Black "Pallardo Lozoya, Jose Vicente"]
[Result "0-1"]
[WhiteElo "1865"]
[BlackElo "2356"]
[PlyCount "80"]
[EventDate "2010.08.09"]
[EventType "team"]
[EventRounds "5"]
[EventCountry "ESP"]
[Source "lmi"]
[SourceDate "2010.08.09"]
[WhiteTeam "C. E. BINISSALEM"]
[BlackTeam "MAIN MEMORY SILLA-A"]

1. c4 e6 2. Nc3 f5 3. d4 Nf6 4. Nf3 b6 5. g3 Bb7 6. Bg2 Bb4 7. O-O O-O 8. Bf4
Bxc3 9. bxc3 d6 10. Qb3 Qe7 11. a4 Be4 12. Rfd1 Nc6 13. Qa2 Na5 14. Bg5 Qd7 15.
Bxf6 Rxf6 16. Nd2 Bxg2 17. Kxg2 c5 18. Qc2 Rc8 19. e4 cxd4 20. cxd4 fxe4 21.
Nxe4 Rf5 22. c5 Nb7 23. g4 Rd5 24. Rac1 dxc5 25. dxc5 Nxc5 26. f3 Rxd1 27. Rxd1
Nxe4 28. Qxe4 Qe7 29. Re1 Re8 30. Qc6 h6 31. Kg3 e5 32. Rd1 e4 33. Rd7 Qe5+ 34.
f4 Qe6 35. Rd6 Qb3+ 36. Kh4 Qf7 37. Rd7 Qxf4 38. Qd5+ Kh8 39. h3 e3 40. Qd1 e2
0-1

[Event "España tch - Primera A"]
[Site "Burguillos ESP"]
[Date "2010.08.12"]
[Round "4.21"]
[White "Wojtaszek, Radoslaw"]
[Black "Granda Zuñiga, Julio E"]
[Result "1-0"]
[WhiteElo "2663"]
[BlackElo "2639"]
[PlyCount "107"]
[EventDate "2010.08.09"]
[EventType "team"]
[EventRounds "5"]
[EventCountry "ESP"]
[Source "lmi"]
[SourceDate "2010.08.09"]
[WhiteTeam "ALZICAPITAL"]
[BlackTeam "JAIME CASAS DE MONZON"]

1. d4 Nf6 2. c4 e6 3. Nc3 Bb4 4. e3 c5 5. Nge2 b6 6. a3 Ba5 7. Rb1 Na6 8. g3
Bb7 9. d5 b5 10. Bg2 bxc4 11. O-O O-O 12. e4 Re8 13. dxe6 Rxe6 14. Bg5 h6 15.
Bxf6 Rxf6 16. Qa4 Nb8 17. Nf4 Nc6 18. Qxc4 Bb6 19. Ncd5 Rd6 20. Rfe1 Ne5 21.
Qc3 Qe8 22. Nxb6 axb6 23. Nd5 Ra4 24. f4 Ng6 25. Rbd1 Bxd5 26. exd5 Qf8 27. Re3
Ra8 28. Rde1 Qd8 29. f5 Nf8 30. Re7 Rc8 31. Qe5 Qc7 32. g4 Nh7 33. h4 c4 34.
Qd4 Rf8 35. Re8 b5 36. Rxf8+ Nxf8 37. Kf2 Qd8 38. Kg3 g5 39. hxg5 hxg5 40. Qe5
Qb6 41. Rh1 Rf6 42. Bf3 Kg7 43. Kg2 Nh7 44. Qh2 Rh6 45. Qxh6+ Qxh6 46. Rxh6
Kxh6 47. d6 Nf6 48. Kf2 Ne8 49. Ke3 Nxd6 50. Kd4 Kg7 51. Kc5 c3 52. bxc3 Nc4
53. a4 Ne5 54. a5 1-0

[Event "España tch - Primera A"]
[Site "Burguillos ESP"]
[Date "2010.08.12"]
[Round "4.22"]
[White "Garza Marco, Sergio"]
[Black "Macieja, Bartlomiej"]
[Result "1/2-1/2"]
[WhiteElo "2453"]
[BlackElo "2639"]
[PlyCount "73"]
[EventDate "2010.08.09"]
[EventType "team"]
[EventRounds "5"]
[EventCountry "ESP"]
[Source "lmi"]
[SourceDate "2010.08.09"]
[WhiteTeam "JAIME CASAS DE MONZON"]
[BlackTeam "ALZICAPITAL"]

1. d4 Nf6 2. Nf3 d5 3. c4 e6 4. Nc3 dxc4 5. e3 a6 6. a4 c5 7. Bxc4 Nc6 8. O-O
Be7 9. Qe2 cxd4 10. Rd1 e5 11. exd4 exd4 12. Nxd4 Nxd4 13. Qe5 Qd6 14. Qxd6
Bxd6 15. Rxd4 Bc5 16. Rd1 O-O 17. Bg5 Be6 18. Bxe6 fxe6 19. Bxf6 gxf6 20. Rd7
Rf7 21. Rad1 Raf8 22. Ne4 Bb4 23. R7d4 a5 24. Rc4 Re7 25. Kf1 f5 26. Ng5 e5 27.
Rd5 Kg7 28. Nf3 Kf6 29. Ke2 Rfe8 30. g3 e4 31. Nd4 Re5 32. Rd7 R8e7 33. Rcc7
Rxd7 34. Rxd7 Re7 35. Rd5 Re5 36. Rd7 Re7 37. Rd5 1/2-1/2

[Event "España tch - Primera A"]
[Site "Burguillos ESP"]
[Date "2010.08.12"]
[Round "4.23"]
[White "Arizmendi Martinez, Julen Luis"]
[Black "Antoli Royo, Joaquin Miguel"]
[Result "1-0"]
[WhiteElo "2532"]
[BlackElo "2404"]
[PlyCount "95"]
[EventDate "2010.08.09"]
[EventType "team"]
[EventRounds "5"]
[EventCountry "ESP"]
[Source "lmi"]
[SourceDate "2010.08.09"]
[WhiteTeam "ALZICAPITAL"]
[BlackTeam "JAIME CASAS DE MONZON"]

1. Nf3 d5 2. d4 Bg4 3. Ne5 Bf5 4. c4 f6 5. Nf3 c6 6. Nc3 e6 7. g3 Nd7 8. cxd5
cxd5 9. Bg2 Bb4 10. O-O Ne7 11. Qb3 a5 12. Nh4 Bg4 13. e4 Nb6 14. h3 Bh5 15. a3
Bxc3 16. bxc3 O-O 17. a4 Rc8 18. Re1 Re8 19. Ba3 Bf7 20. Bc5 Nc4 21. exd5 exd5
22. Qxb7 Rb8 23. Qa6 Ra8 24. Qb5 Rb8 25. Qa6 Ra8 26. Qb7 Rb8 27. Qa7 Nc6 28.
Qa6 Qd7 29. Rxe8+ Bxe8 30. Re1 g5 31. Nf3 Bg6 32. Bf1 Kg7 33. Bxc4 dxc4 34.
Qxc4 Bf7 35. Qf1 Rb2 36. c4 Qf5 37. Nh2 Bxc4 38. Qg2 Bd5 39. g4 Qf4 40. Qf1 Bc4
41. Qg2 Bd5 42. Qf1 Nxd4 43. Bxd4 Qxd4 44. Re2 Bc4 45. Re7+ Kh6 46. Qe1 Bd5 47.
Nf1 Ra2 48. Ng3 1-0

[Event "España tch - Primera A"]
[Site "Burguillos ESP"]
[Date "2010.08.13"]
[Round "5.11"]
[White "Pena Gomez, Manuel"]
[Black "Rusev, Krasimir"]
[Result "0-1"]
[WhiteElo "2430"]
[BlackElo "2543"]
[PlyCount "110"]
[EventDate "2010.08.09"]
[EventType "team"]
[EventRounds "5"]
[EventCountry "ESP"]
[Source "lmi"]
[SourceDate "2010.08.09"]
[WhiteTeam "C. A. UNIVERSIDAD DE VIGO"]
[BlackTeam "MAIN MEMORY SILLA-A"]

1. g3 d5 2. Bg2 Nf6 3. c4 e6 4. Nf3 dxc4 5. Qa4+ Nbd7 6. Qxc4 c5 7. O-O a6 8.
d4 b5 9. Qc2 Bb7 10. dxc5 Bxc5 11. Bg5 Rc8 12. Qd3 O-O 13. Nc3 h6 14. Be3 Qb6
15. Nd1 a5 16. Bxc5 Nxc5 17. Qd4 Rfd8 18. Qh4 Nce4 19. Ne5 Rd2 20. Bxe4 Bxe4
21. Qf4 Rdc2 22. Ne3 Rxe2 23. Rac1 Rxc1 24. Rxc1 Qb7 25. g4 Rxb2 26. h4 Rb1 27.
Rxb1 Bxb1 28. f3 Qc7 29. g5 hxg5 30. hxg5 Nd5 31. Nxd5 exd5 32. a3 b4 33. axb4
axb4 34. Qd4 b3 35. Qxd5 b2 36. Nc4 Bg6 37. Nxb2 Qb6+ 38. Kg2 Qxb2+ 39. Kg3
Qb8+ 40. Kg2 Qf4 41. Qb5 Kh7 42. Qd5 Bf5 43. Qd8 Kg6 44. Kf2 Qxg5 45. Qd6+ Kh7
46. Qh2+ Qh6 47. Qc7 Qd2+ 48. Kg3 f6 49. Qf7 Qe1+ 50. Kg2 Qh4 51. Kf1 Bg6 52.
Qb3 Qh3+ 53. Kf2 Bh5 54. Qc2+ f5 55. Qc6 Qxf3+ 0-1

[Event "España tch - Primera A"]
[Site "Burguillos ESP"]
[Date "2010.08.13"]
[Round "5.13"]
[White "Garcia Castro, Pablo"]
[Black "Valmaña Canto, Jaime"]
[Result "1-0"]
[WhiteElo "2391"]
[BlackElo "2369"]
[PlyCount "119"]
[EventDate "2010.08.09"]
[EventType "team"]
[EventRounds "5"]
[EventCountry "ESP"]
[Source "lmi"]
[SourceDate "2010.08.09"]
[WhiteTeam "C. A. UNIVERSIDAD DE VIGO"]
[BlackTeam "MAIN MEMORY SILLA-A"]

1. g3 g6 2. Bg2 Bg7 3. e4 c5 4. Nc3 Nc6 5. d3 d6 6. Bg5 h6 7. Be3 e5 8. Qd2 Nf6
9. h3 Nd4 10. g4 Nh7 11. Nd5 Nf8 12. c3 Nde6 13. Ne2 g5 14. Ng3 Ng6 15. Nf5 Kf8
16. d4 cxd4 17. cxd4 Nef4 18. Bxf4 Nxf4 19. Nxf4 Bxf5 20. Ne2 Bd7 21. d5 h5 22.
f3 Rc8 23. a3 Bf6 24. Ng3 h4 25. Nf1 Qb6 26. Ne3 Bd8 27. Bf1 Qb3 28. Bd3 Bb6
29. Nd1 Ba5 30. Qxa5 Qxd3 31. Rf1 Bb5 32. Rf2 f6 33. Qxa7 Kg7 34. Qe3 Qc4 35.
Qc3 Qa4 36. Qb4 Qa6 37. Nc3 Bd3 38. Rd2 Rc5 39. Qa4 Rhc8 40. Qxa6 Bxa6 41. Nd1
Bb5 42. Ne3 Bd7 43. Rdd1 Rb5 44. b4 Kf8 45. Rdc1 Ra8 46. Kd2 Rb6 47. Kc3 Ke7
48. Kb2 Rba6 49. Rc3 Kd8 50. Nc4 Bb5 51. Na5 Rb6 52. a4 Bd7 53. Ka3 Ra7 54.
Rac1 Rba6 55. Rc7 Rb6 56. R1c3 Ke8 57. Nc6 Ra8 58. a5 bxc6 59. dxc6 Bc8 60.
Rxc8+ 1-0

[Event "España tch - Primera A"]
[Site "Burguillos ESP"]
[Date "2010.08.13"]
[Round "5.14"]
[White "Pallardo Lozoya, Jose Vicente"]
[Black "Leiros Vila, Avelino"]
[Result "1-0"]
[WhiteElo "2356"]
[BlackElo "2168"]
[PlyCount "77"]
[EventDate "2010.08.09"]
[EventType "team"]
[EventRounds "5"]
[EventCountry "ESP"]
[Source "lmi"]
[SourceDate "2010.08.09"]
[WhiteTeam "MAIN MEMORY SILLA-A"]
[BlackTeam "C. A. UNIVERSIDAD DE VIGO"]

1. e4 c5 2. Nc3 Nc6 3. g3 g6 4. Bg2 Bg7 5. d3 d6 6. Be3 e5 7. Qd2 Nge7 8. Bh6
Bxh6 9. Qxh6 Nd4 10. Qd2 Qa5 11. f4 exf4 12. gxf4 Bg4 13. a3 O-O 14. Nge2 Bxe2
15. b4 cxb4 16. Nxe2 Nxe2 17. Kxe2 Nc6 18. axb4 Qh5+ 19. Kf2 Rac8 20. c3 f5 21.
Rhf1 fxe4 22. Kg1 d5 23. dxe4 dxe4 24. Bxe4 Rcd8 25. Qg2 Rf6 26. Rf3 Rfd6 27.
Raf1 Rd2 28. Qg3 Rd1 29. f5 Rxf1+ 30. Rxf1 g5 31. Bf3 Qh6 32. f6 Qg6 33. b5 Na5
34. Qc7 Rf8 35. Bd5+ Kh8 36. Qxa5 b6 37. Qxa7 Rxf6 38. Qb8+ Kg7 39. Qe5 1-0

[Event "España tch - Primera A"]
[Site "Burguillos ESP"]
[Date "2010.08.13"]
[Round "5.21"]
[White "Granda Zuñiga, Julio E"]
[Black "Iturrizaga, Eduardo"]
[Result "1-0"]
[WhiteElo "2639"]
[BlackElo "2614"]
[PlyCount "99"]
[EventDate "2010.08.09"]
[EventType "team"]
[EventRounds "5"]
[EventCountry "ESP"]
[Source "lmi"]
[SourceDate "2010.08.09"]
[WhiteTeam "JAIME CASAS DE MONZON"]
[BlackTeam "EQUIGOMA-CASA SOCIAL CATOLICA"]

1. d4 Nf6 2. c4 e6 3. Nc3 Bb4 4. e3 b6 5. Nge2 Bb7 6. a3 Bd6 7. f3 c5 8. d5
exd5 9. cxd5 Be5 10. g3 O-O 11. Bg2 d6 12. f4 Bxc3+ 13. Nxc3 Nbd7 14. g4 c4 15.
g5 Ne8 16. O-O Nc5 17. e4 f5 18. gxf6 Qxf6 19. Be3 Nd3 20. Qd2 Nc7 21. b3 Ba6
22. b4 Rae8 23. Ra2 Rf7 24. Ne2 Bc8 25. Rc2 b5 26. Bxa7 Bg4 27. Nc3 Nxf4 28.
Rxf4 Qxf4 29. Qxf4 Rxf4 30. Bb6 Rf7 31. Bxc7 Rxc7 32. Nxb5 Rd7 33. Nc3 Rb8 34.
b5 Ra7 35. a4 Kf7 36. Kf2 Kf6 37. Ke3 Ke5 38. Rb2 Bd1 39. Rb4 Bb3 40. Bf1 Rc7
41. a5 g5 42. b6 Rc5 43. Rb5 h5 44. Rxc5 dxc5 45. Nb5 g4 46. Be2 Ba4 47. Na3
Bb3 48. Bxc4 Rf8 49. b7 h4 50. a6 1-0

[Event "España tch - Primera A"]
[Site "Burguillos ESP"]
[Date "2010.08.13"]
[Round "5.24"]
[White "Gonzalez De La Nava, Amador"]
[Black "Ramiro Ovejero, Juan Luis"]
[Result "1/2-1/2"]
[WhiteElo "2302"]
[BlackElo "2383"]
[PlyCount "106"]
[EventDate "2010.08.09"]
[EventType "team"]
[EventRounds "5"]
[EventCountry "ESP"]
[Source "lmi"]
[SourceDate "2010.08.09"]
[WhiteTeam "EQUIGOMA-CASA SOCIAL CATOLICA"]
[BlackTeam "JAIME CASAS DE MONZON"]

1. d4 d5 2. Nf3 Nf6 3. c4 dxc4 4. e3 Bg4 5. Bxc4 e6 6. h3 Bh5 7. Nbd2 Nbd7 8.
O-O Be7 9. b3 O-O 10. Bb2 c5 11. Be2 a6 12. a4 Rc8 13. a5 Nd5 14. Nc4 cxd4 15.
Nxd4 Bg6 16. Bf3 Nc5 17. Ne5 Be4 18. Bxe4 Nxe4 19. Qg4 Ndf6 20. Qe2 Bb4 21. Nc4
Bc3 22. Bxc3 Nxc3 23. Qb2 Ncd5 24. Rfd1 Qe7 25. Rac1 Qb4 26. Qd2 Qxd2 27. Rxd2
Rc7 28. Rdd1 Rfc8 29. Ne2 Kf8 30. Nd6 Rxc1 31. Rxc1 Rxc1+ 32. Nxc1 b6 33. e4
Ke7 34. Nc8+ Kd7 35. exd5 Kxc8 36. dxe6 fxe6 37. axb6 Kb7 38. Kf1 Kxb6 39. Nd3
Ne4 40. Ke2 a5 41. Kd1 Nc5 42. Nc1 Kb5 43. Kc2 Kb4 44. Kb2 e5 45. Na2+ Kb5 46.
Nc3+ Kc6 47. Kc2 Ne6 48. Nd1 Nd4+ 49. Kc3 Nb5+ 50. Kc4 Nd6+ 51. Kc3 Nb5+ 52.
Kc4 Nd6+ 53. Kc3 Kd5 1/2-1/2